000 00419nam a22001571a 4500
020 _a9780199291991
082 _a330.122
_bAND/C
100 _aAndrew Glyn
245 _aCapitalism unleashed : finance globalization and welfare/
_cby Andrew Glyn
260 _aNew Delhi:
_bOxford University Press,
_c2006.
300 _a234p.
650 _aCapitalism
650 _aEconomics
650 _aSocial Sciences
942 _cBK
999 _c6659
_d6659